00843cam a22003377 4500001000600000003000900006005001700015007000600032008004000038015000600078017000900084020001800093035000600111040002500117041001100142080000600153082002100159100002800180240000900208245003600217250000600253260005200259300002800311490002200339650002500361650002300386650004100409650002400450700000900474830002200483 6185DO-SdBNP20230210111604.0 6185090401s2006 sp | |||| 000 1 spa  a  a b  a9780316160179 a  aBPMSUbspacBPMSUe  aengh  a  a813.5bM612t2221 aMeyer, Stephenied1973-10a l 10aTwilight /cStephenie Meyer h  a  aNew York : b Little Brown and Company, c2006 a498, [36] p. ; c23 cm.0 aSaga Crepúsculo 4aNovela estaunidense  4aVampiros vNovela  4aRelaciones interpersonales vNovela  4aMonstruos vNovela  a e  aSaga Crepúsculo